[Event "ch-CZE"]
[Site "Ostrava CZE"]
[Date "2010.05.06"]
[Round "6"]
[White "Lechtynsky,J"]
[Black "Folk,P"]
[Result "1/2-1/2"]
[WhiteElo "2396"]
[BlackElo "2244"]

1.d4 Nf6 2.Nf3 g6 3.c4 Bg7 4.Nc3 O-O 5.e4 d6 6.Be2 e5 7.Be3 Ng4 8.Bg5 f6
9.Bc1 Nc6 10.d5 Ne7 11.h3 Nh6 12.h4 Nf7 13.h5 f5 14.Ng5 Nxg5 15.Bxg5 Bf6
16.Bxf6 Rxf6 17.hxg6 Rxg6 18.g3 c6 19.Qd2 cxd5 20.cxd5 fxe4 21.Nxe4 Bf5 22.Bf3 Rc8
23.g4 Bxe4 24.Bxe4 Rg7 25.Kf1 Ng6 26.Rc1 Rxc1+ 27.Qxc1 Qc7 28.Qxc7 Rxc7 29.Ke2 Kg7  1/2-1/2

[Event "40th Bosna Open"]
[Site "Sarajevo BIH"]
[Date "2010.05.06"]
[Round "2"]
[White "Kovacevic,A"]
[Black "Pruijssers,R"]
[Result "1-0"]
[WhiteElo "2573"]
[BlackElo "2443"]

1.c4 Nf6 2.Nc3 g6 3.e4 d6 4.d4 Bg7 5.Nf3 O-O 6.Be2 e5 7.Be3 Ng4 8.Bg5 f6
9.Bh4 g5 10.Bg3 Nh6 11.h3 Nc6 12.d5 Ne7 13.Qd2 c5 14.dxc6 bxc6 15.O-O Nf7
16.Rfd1 Be6 17.Nh2 f5 18.f3 Qc7 19.Bf2 Rad8 20.Qc2 d5 21.exd5 cxd5 22.Nb5 Qb7
23.cxd5 Rxd5 24.Nxa7 Ra5 25.Bc4 Bxc4 26.Qxc4 Rxa7 27.Bxa7 Qxa7+ 28.Kh1 Rc8
29.Qb3 Rb8 30.Rd7 Qxd7 31.Qxb8+ Nd8 32.a4 Nc6 33.Qb5 Qb7 34.Rc1 Qxb5 35.axb5 Na5
36.Rc8 Nb7 37.g4 f4 38.Nf1 e4 39.fxe4 Bxb2 40.Nd2 Kf7 41.Rc7+ Ke6 42.Rxh7 Nf7
43.Nf3 Kf6 44.h4 gxh4 45.Rh5 Nbd6 46.b6 Ne5 47.Rh6+ Ke7 48.b7 Nxb7 49.Nxe5 Bxe5
50.Rh7+ Kf6 51.Rxb7 f3 52.Rb5 h3 53.g5+ Ke6 54.Rb3 Kf7 55.Rxf3+ Kg6 56.Rxh3 Kxg5
57.Rf3  1-0

[Event "ch-UKR"]
[Site "Alushta UKR"]
[Date "2010.05.07"]
[Round "5"]
[White "Gorbatenko,K"]
[Black "Shtembuliak,E"]
[Result "1/2-1/2"]
[WhiteElo "2092"]
[BlackElo "2007"]

1.d4 Nf6 2.c4 g6 3.Nc3 Bg7 4.e4 d6 5.Nf3 O-O 6.Be2 e5 7.d5 a5 8.Bg5 h6 9.Bh4 Qe8
10.Nd2 Nh7 11.O-O Na6 12.a3 Bd7 13.Rb1 f5 14.f3 g5 15.Bf2 f4 16.b4 axb4 17.axb4 Rf7
18.c5 Bf8 19.c6 Bc8 20.Qa4 b5 21.Bxb5 h5 22.Be2 g4 23.b5 g3 24.bxa6 Rg7 25.Bxg3 fxg3
26.f4 gxh2+ 27.Kh1 Qg6 28.Rf2 h4 29.a7 Qg3 30.Nd1 h3 31.Bf1 Bg4 32.Qb3 exf4
33.Nf3 Nf6 34.Qd3 Rxa7 35.Nxh2 Bxd1 36.Qxg3 fxg3 37.Rxf6 gxh2 38.Rxd1 Ra2
39.g4 Be7  1/2-1/2

[Event "TCh-ISR"]
[Site "Israel ISR"]
[Date "2010.05.07"]
[Round "9"]
[White "Roiz,M"]
[Black "Gofshtein,L"]
[Result "1/2-1/2"]
[WhiteElo "2657"]
[BlackElo "2540"]

1.d4 Nf6 2.c4 g6 3.Nc3 Bg7 4.e4 d6 5.Nf3 O-O 6.Be2 e5 7.Be3 Nbd7 8.O-O c6
9.d5 c5 10.Bg5 h6 11.Bd2 Nh7 12.Qc1 h5 13.a3 Nb6 14.b4 Bg4 15.bxc5 Bxf3 16.cxb6 Bxe2
17.Nxe2 Qxb6 18.Qc2 Rfc8 19.Rfc1 Qc7 20.a4 Nf6 21.a5 Kh7 22.Rab1  1/2-1/2

[Event "ch-CZE"]
[Site "Ostrava CZE"]
[Date "2010.05.07"]
[Round "7"]
[White "Bartos,J"]
[Black "Kovar,V"]
[Result "0-1"]
[WhiteElo "2201"]
[BlackElo "2337"]

1.d4 Nf6 2.Nf3 g6 3.c4 Bg7 4.Nc3 O-O 5.e4 d6 6.Be2 e5 7.dxe5 dxe5 8.Qxd8 Rxd8
9.Bg5 Rf8 10.Nxe5 Nxe4 11.Nxe4 Bxe5 12.O-O-O Nc6 13.Nf6+ Kg7 14.Nd7 Bxd7
15.Rxd7 Bd6 16.Bf3 Ne5 17.Rxd6 cxd6 18.Bf4 Rab8 19.Bd5 Nxc4 20.b3 Nb6 21.Bf3 Rfc8+
22.Kd2 Rc5 23.Be3 Rc7 24.Rc1 Rxc1 25.Kxc1 Kf6 26.a4 Ke5 27.a5 Nd5 28.Bxa7 Ra8
29.Be3 Rxa5 30.Bd2 Ra2 31.g3 Kd4 32.Be2 Nb4 33.Bxb4 Rxe2 34.Bxd6 Kc3 35.Kd1 Rd2+  0-1

[Event "ch-CZE"]
[Site "Ostrava CZE"]
[Date "2010.05.08"]
[Round "8"]
[White "Kriebel,T"]
[Black "Potomak,V"]
[Result "1-0"]
[WhiteElo "2265"]
[BlackElo "2232"]

1.d4 Nf6 2.c4 g6 3.Nc3 Bg7 4.e4 d6 5.Nf3 O-O 6.Be2 e5 7.O-O Nbd7 8.Be3 h6
9.dxe5 dxe5 10.Qc1 Kh7 11.Rd1 Re8 12.b4 c6 13.Bc5 Nh5 14.g3 Qf6 15.Bd6 Bf8
16.c5 Ng7 17.Qe3 Ne6 18.Bxf8 Ndxf8 19.Rd6 Rd8 20.Rad1 Rxd6 21.Rxd6 g5 22.Nd5 Qg7
23.Ne7 Nf4 24.Nf5 Bxf5 25.exf5 Nxe2+ 26.Qxe2 Re8 27.Nd2 e4 28.Nxe4 Kh8 29.Qd3 Nh7
30.Rd8 Qe5 31.Qc3 Nf8 32.Rxe8  1-0

[Event "ch-CZE"]
[Site "Ostrava CZE"]
[Date "2010.05.09"]
[Round "9"]
[White "Hausner,I"]
[Black "Studnicka,Toma"]
[Result "1-0"]
[WhiteElo "2451"]
[BlackElo "2332"]

1.d4 Nf6 2.c4 g6 3.Nc3 Bg7 4.e4 d6 5.Nf3 O-O 6.Be2 e5 7.d5 Ne8 8.h4 f5 9.Ng5 Bf6
10.exf5 gxf5 11.Ne6 Bxe6 12.dxe6 c6 13.g4 f4 14.g5 Bg7 15.Bd3 Qe7 16.Qh5 e4
17.Bxe4 Qxe6 18.Qxh7+ Kf7 19.Bxf4 Ke7 20.O-O-O Rxf4 21.Rhe1 Kd8 22.Bxc6 Be5
23.Bxb7 Rf7 24.Qe4 Rxb7 25.Qxb7 Nc7 26.Qe4 Qd7 27.Nb5 Nba6 28.Nxd6 Bxd6 29.Rxd6 Qxd6
30.Rd1 Qxd1+ 31.Kxd1 Nc5 32.Qd4+ Nd7 33.h5 Ke7 34.Qg7+ Kd6 35.h6 Ne6 36.Qc3 Ndf8
37.Qg3+ Ke7 38.g6 Rd8+ 39.Kc1 Nd7 40.h7 Ng7 41.Qh4+  1-0

[Event "ch-UKR"]
[Site "Alushta UKR"]
[Date "2010.05.10"]
[Round "8"]
[White "Stolpovsky,S"]
[Black "Burdalev,K"]
[Result "0-1"]
[WhiteElo "2191"]
[BlackElo "2285"]

1.d4 Nf6 2.c4 g6 3.Nc3 Bg7 4.e4 d6 5.Be2 O-O 6.Nf3 e5 7.d5 a5 8.Bg5 h6 9.Bh4 Na6
10.O-O Qe8 11.Nd2 Nh7 12.a3 Bd7 13.f3 h5 14.Rb1 a4 15.b4 axb3 16.Nxb3 Bh6
17.c5 Be3+ 18.Bf2 Bxf2+ 19.Rxf2 Nb8 20.cxd6 cxd6 21.Qc1 Qe7 22.Nd2 Ra7 23.Nc4 Bc8
24.Nb5 Ra6 25.Qd2 Nf6 26.Qb4 Rd8 27.Bd3 Ne8 28.f4 Nd7 29.fxe5 Nxe5 30.Nxe5 Qxe5
31.Rbf1 f6 32.Nd4 Ra8 33.Bb5 Bd7 34.Nf3 Qf4 35.Bxd7 Rxd7 36.Re2 Rc7 37.Ne1 Qc1
38.Nd3 Qxa3 39.Qd2 Qa7+ 40.Kh1 Qd4 41.e5 dxe5 42.d6 Nxd6 43.Nxe5 fxe5 44.Qg5 Rg7
45.Rxe5 Nf7 46.Rd5 Qc4  0-1

[Event "FSIMB May"]
[Site "Budapest HUN"]
[Date "2010.05.10"]
[Round "10"]
[White "Iwamoto,T"]
[Black "Ocantos,M"]
[Result "0-1"]
[WhiteElo "2268"]
[BlackElo "2125"]

1.Nf3 Nf6 2.c4 g6 3.Nc3 Bg7 4.e4 d6 5.d4 O-O 6.Be2 e5 7.Be3 Ng4 8.Bg5 f6
9.Bc1 f5 10.exf5 exd4 11.Nb5 c5 12.fxg6 hxg6 13.O-O Ne5 14.Nxe5 dxe5 15.Bf3 a6
16.Bd5+ Kh7 17.Na3 Nd7 18.g3 Nf6 19.Bg5 Qb6 20.Bxf6 Bxf6 21.Qd2 Bf5 22.Rfe1 Bg7
23.f4 Rae8 24.Qg2 exf4 25.g4 Bc8 26.Qh3+ Bh6 27.Qh4 g5 28.Qh5 Re3 29.Nc2 Qg6
30.Qxg6+ Kxg6 31.Nxe3 dxe3 32.Bf3 Bg7 33.Rad1 Bxb2 34.Rd6+ Rf6 35.Rd8 Be6
36.Be4+ Kg7 37.Rb1 Bd4 38.Rxb7+ Rf7 39.Rxf7+ Kxf7 40.Rxd4 cxd4 41.Bd3 Bxg4  0-1

[Event "ch-UKR"]
[Site "Alushta UKR"]
[Date "2010.05.11"]
[Round "9"]
[White "Gorbatenko,K"]
[Black "Andreev,Vo"]
[Result "1/2-1/2"]
[WhiteElo "2092"]
[BlackElo "1999"]

1.d4 Nf6 2.c4 g6 3.Nc3 Bg7 4.e4 d6 5.Nf3 O-O 6.Be2 e5 7.d5 a5 8.Bg5 h6 9.Bh4 Na6
10.Nd2 Bd7 11.O-O Qe8 12.a3 a4 13.Qc2 Nc5 14.Nb5 Bxb5 15.cxb5 b6 16.Rfe1 Nfd7
17.f3 f5 18.exf5 gxf5 19.Bf2 e4 20.fxe4 fxe4 21.Bf3 Qe5 22.Nxe4 Qxb2 23.Qxb2 Bxb2
24.Nxc5 bxc5 25.Ra2 Be5 26.Bg4 Nb6 27.Be6+ Kg7 28.Bxc5 Ra5 29.Be3 Rxb5 30.Rc2 Nxd5
31.Bxd5 Rxd5 32.Rxc7+ Kg6 33.Rc4 Rd3 34.Rg4+ Kh7 35.g3 Rxa3 36.Bc5 Ra2 37.Rxe5 dxc5
38.Re7+ Kh8 39.Re6 Kh7 40.Re7+ Kh8 41.Re6 Rf7 42.Rxh6+ Rh7 43.Rhg6 Rb7 44.Rh6+ Rh7
45.Rhg6 Rb7  1/2-1/2

[Event "ch-Commonwealth"]
[Site "Delhi IND"]
[Date "2010.05.12"]
[Round "4"]
[White "Cholleti,S"]
[Black "Rajesh,VA"]
[Result "0-1"]
[WhiteElo "1999"]
[BlackElo "2302"]

1.d4 Nf6 2.Nf3 g6 3.c4 Bg7 4.Nc3 O-O 5.e4 d6 6.Be2 e5 7.Be3 exd4 8.Nxd4 Re8
9.f3 c6 10.Qd2 Qe7 11.Bf2 Nbd7 12.O-O a5 13.Rad1 Bf8 14.Nc2 Nc5 15.Bg3 Rd8
16.Bh4 Bg7 17.Qe3 Qf8 18.e5 Re8 19.Rxd6 Nfd7 20.f4 Qxd6 21.exd6 Rxe3 22.Nxe3 Bd4
23.Bf2 Bxc3 24.bxc3 Ne4 25.Bf3 Nxd6 26.Rd1 Ne8 27.c5 Nxc5 28.Rd8 Kf8 29.Nc4 Ne6
30.Rd2 c5 31.Nb6 Rb8 32.g4 Kg7 33.h4 f5 34.gxf5 gxf5 35.Nxc8 Rxc8 36.Rd7+ Kf6
37.Bxb7 Rc7 38.Rxc7 N8xc7 39.Be3 Nb5 40.Bd2 Nd6 41.Bd5 Ne4 42.Bxe6 Kxe6 43.Be1 a4
44.c4 Kd7 45.Kf1 Nd6 46.Bf2 Kc6 47.Ke2 Nxc4 48.Kd3 Kd5  0-1

[Event "ch-Commonwealth"]
[Site "Delhi IND"]
[Date "2010.05.12"]
[Round "5"]
[White "Girish,A"]
[Black "Swapnil,SD"]
[Result "1/2-1/2"]
[WhiteElo "2276"]
[BlackElo "2457"]

1.d4 Nf6 2.c4 g6 3.Nc3 Bg7 4.e4 d6 5.Nf3 O-O 6.Be2 Na6 7.O-O e5 8.Re1 Qe8
9.Bg5 c6 10.d5 c5 11.Qc1 Bd7 12.Rf1 Kh8 13.Ne1 Ng8 14.Nd3 f5 15.f3 f4 16.Nb5 h6
17.Bh4 g5 18.Bf2 Qg6 19.a4 h5 20.b4 b6 21.a5 g4 22.Nxa7 g3 23.Be1 bxa5 24.b5 Rxa7
25.Rxa5 Rfa8 26.Qa1 Bc8 27.bxa6 Rxa6 28.Rxa6 Bxa6 29.h3 Qe8 30.Qa2 Bb5 31.Qb3 Bd7
32.Bc3 Rb8 33.Qa2 Ra8 34.Qb3 Rb8 35.Qa2 Ra8  1/2-1/2

[Event "KNSB Cup"]
[Site "Amersfoort NED"]
[Date "2010.05.13"]
[Round "2.1"]
[White "Wiersma,E"]
[Black "Hachijan,A"]
[Result "1-0"]
[WhiteElo "2405"]
[BlackElo "2147"]

1.d4 Nf6 2.c4 g6 3.Nc3 Bg7 4.e4 d6 5.Nf3 O-O 6.Be2 e5 7.O-O Na6 8.Be3 Ng4
9.Bg5 Qe8 10.Re1 f6 11.Bh4 h5 12.Bg3 Bd7 13.c5 dxc5 14.dxe5 Nxe5 15.Bxe5 fxe5
16.Qd5+ Be6 17.Qxb7 Nb4 18.Rac1 Qe7 19.Qb5 a6 20.Qa4 c4 21.Nd5 Nxd5 22.exd5 Bxd5
23.Bxc4 Bxc4 24.Qxc4+ Kh8 25.Qe4 Qf6 26.Rc6 Qf5 27.Rxg6 Qxe4 28.Rxe4 Rf4
29.Ng5 Rd8 30.g3 Rd1+ 31.Kg2 Rf6 32.Rxf6 Bxf6 33.Nf7+ Kg7 34.Nxe5 Rd2 35.Nc4 Rc2
36.a4 c5 37.b3 Bd4 38.Rf4 Kg6 39.h3 Kg5 40.Rf3 h4 41.g4 Kg6 42.Ne3 Rc1 43.Nf5 Bf6
44.Rf4 Rc3 45.Rc4  1-0

[Event "ch-Commonwealth"]
[Site "Delhi IND"]
[Date "2010.05.14"]
[Round "7"]
[White "Laxman,R"]
[Black "Kokarev,Dm"]
[Result "1-0"]
[WhiteElo "2476"]
[BlackElo "2612"]

1.Nf3 Nf6 2.c4 g6 3.Nc3 Bg7 4.e4 O-O 5.d4 d6 6.Be2 Na6 7.O-O e5 8.Be3 Ng4
9.Bg5 Qe8 10.h3 h6 11.Bc1 exd4 12.Nxd4 Nf6 13.Bf3 Nh7 14.Re1 Ng5 15.Be3 c6
16.Nb3 Qe7 17.Bg4 Bxg4 18.Qxg4 Rfe8 19.Bd4 Qe6 20.Bxg7 Qxg4 21.hxg4 Kxg7
22.Rad1 Red8 23.Na5 Rab8 24.a3 Ne6 25.b4 Nac7 26.Re3 Ne8 27.g3 Rdc8 28.Kg2 Rc7
29.Nb3 Rbc8 30.a4 Nf8 31.a5 Re7 32.f4 Ne6 33.Kf3 f6 34.Red3 c5 35.Nd5 Rd7
36.b5 Nd8 37.b6 a6 38.Nc7 Nxc7 39.bxc7 Ne6 40.Rxd6 Re7 41.Rb6 Rcxc7 42.Rdd6 Rcd7
43.Rxd7 Rxd7 44.Ke3 Nd8 45.Nxc5 Rc7 46.Kd4 Kf7 47.Kd5  1-0

[Event "Open ch-State"]
[Site "Stuttgart GER"]
[Date "2010.05.14"]
[Round "3"]
[White "Wiley,To"]
[Black "Geigle,B"]
[Result "1-0"]
[WhiteElo "2281"]
[BlackElo "1981"]

1.d4 Nf6 2.c4 g6 3.Nc3 Bg7 4.e4 d6 5.Nf3 O-O 6.Be2 e5 7.d5 a5 8.Bg5 h6 9.Bh4 Na6
10.Nd2 Qe8 11.a3 Bd7 12.b3 Nh7 13.Rb1 h5 14.f3 Nc5 15.Bf2 Bh6 16.O-O Qe7
17.Qc2 Qg5 18.Rfd1 h4 19.Kh1 f5 20.b4 axb4 21.axb4 Na6 22.c5 Nf6 23.c6 bxc6
24.dxc6 Be6 25.h3 Rfb8 26.b5 Nc5 27.Bxc5 dxc5 28.Bc4 Bxc4 29.Nxc4 Nh5 30.Nd5 fxe4
31.fxe4 Rf8 32.Nce3 Qg3 33.Ng4 Bf4 34.Qb3 Qxb3 35.Rxb3 Ng3+ 36.Kg1 Ne2+ 37.Kf2  1-0

[Event "Chladek & Tintera Open"]
[Site "Hradec Kralove CZE"]
[Date "2010.05.15"]
[Round "1"]
[White "Bartos,J"]
[Black "Saucuk,Martin"]
[Result "1-0"]
[WhiteElo "2201"]
[BlackElo "1781"]

1.d4 Nf6 2.Nf3 g6 3.c4 Bg7 4.Nc3 O-O 5.e4 d6 6.Be2 e5 7.dxe5 dxe5 8.Qxd8 Rxd8
9.Bg5 Na6 10.Nd5 Rd6 11.Bxf6 Bxf6 12.Nxf6+ Rxf6 13.Nxe5 Re6 14.f4 f6 15.Ng4 h5
16.Nf2 Nc5 17.Bf3 Bd7 18.b4 Nxe4 19.Nxe4 Bc6 20.O-O-O Bxe4 21.Rd7 Bxf3 22.gxf3 Rc6
23.c5 Re8 24.Rg1 f5 25.Kd2 Ree6 26.Rc1 b5 27.a4 a6 28.axb5 axb5 29.Ra1 Ra6
30.Rxa6 Rxa6 31.Rxc7 Ra4 32.Rb7 Rxb4 33.c6  1-0

[Event "TCh-UKR Clubs"]
[Site "Alushta UKR"]
[Date "2010.05.16"]
[Round "6"]
[White "Iljin,T"]
[Black "Strelnikov,S"]
[Result "1/2-1/2"]
[WhiteElo "2422"]
[BlackElo "2409"]

1.d4 d6 2.c4 e5 3.Nf3 Nd7 4.e4 Ngf6 5.Nc3 g6 6.Be2 Bg7 7.O-O O-O 8.Be3 Ng4
9.Bg5 f6 10.Bd2 Nh6 11.Qc2 c6 12.Rad1 Qe7 13.d5 c5 14.Nb5 Nb8 15.b4 Na6 16.a3 Nf7
17.Bc3 b6 18.Nd2 Bd7 19.Nb3 Rfc8 20.Qb2 Nd8 21.bxc5 Nxc5 22.Nxc5 bxc5 23.Bd2 Nf7
24.a4 f5 25.exf5 gxf5 26.Qc2 e4 27.a5 Ne5 28.Rb1 Ng6 29.f4 exf3 30.Bxf3 Be5
31.a6 Qg7 32.Nc3 Rab8 33.Rb3 Nh4 34.Ne2 Kh8 35.Kh1 Rxb3 36.Qxb3 Rg8 37.g3 Nxf3
38.Qxf3 Bc8 39.Qa3  1/2-1/2

[Event "ch-Commonwealth"]
[Site "Delhi IND"]
[Date "2010.05.16"]
[Round "9"]
[White "Girish,A"]
[Black "Harika,D"]
[Result "1-0"]
[WhiteElo "2276"]
[BlackElo "2491"]

1.d4 Nf6 2.c4 g6 3.Nc3 Bg7 4.e4 d6 5.Nf3 O-O 6.Be2 Nbd7 7.O-O e5 8.Re1 c6
9.Bf1 Qe7 10.Rb1 a5 11.d5 Ne8 12.a3 f5 13.exf5 gxf5 14.Nd4 c5 15.Ne6 Rf7
16.b4 axb4 17.axb4 cxb4 18.Na4 Nc5 19.Nb6 Rb8 20.Nxg7 Nxg7 21.f4 Ne4 22.Rxb4 Qc7
23.Be3 exf4 24.Bd4 Bd7 25.Qf3 Re8 26.Qxf4 Bc8 27.Rb3 Nh5 28.Qh6 Nhf6 29.h3 Qd8
30.Rf3 Ref8 31.Bd3 Rg7 32.Bxe4 Rg6 33.Qf4 Nxe4 34.Rxe4 fxe4 35.Qxf8+ Qxf8
36.Rxf8+ Kxf8 37.Nxc8 Ke8 38.Kf2 Kd8 39.Nb6 Rg8 40.c5 Kc7 41.g4 Rf8+ 42.Ke3 Rf3+
43.Kxe4 Rxh3 44.cxd6+ Kxd6 45.Be5+ Kc5 46.d6 Rh4 47.Kf5  1-0

[Event "ch-Commonwealth"]
[Site "Delhi IND"]
[Date "2010.05.17"]
[Round "10"]
[White "Harihara,S"]
[Black "Ramnath,B"]
[Result "0-1"]
[WhiteElo "1989"]
[BlackElo "2350"]

1.Nf3 Nf6 2.c4 g6 3.Nc3 Bg7 4.e4 d6 5.d4 O-O 6.Be2 e5 7.O-O Na6 8.Be3 h6
9.dxe5 Ng4 10.Bf4 Nxe5 11.Nxe5 dxe5 12.Be3 c6 13.Bf3 Qe7 14.Qd2 Rd8 15.Qc2 Nb4
16.Qe2 Nd3 17.Rad1 Nf4 18.Bxf4 Rxd1 19.Rxd1 exf4 20.Qd2 Be6 21.b3 Qb4 22.Ne2 Qxd2
23.Rxd2 Be5 24.Nd4 Rd8  0-1

[Event "4th All China Games Rapid"]
[Site "Hefei CHN"]
[Date "2010.05.17"]
[Round "2"]
[White "Li Wenliang"]
[Black "Gu Xiaobing"]
[Result "1/2-1/2"]
[WhiteElo "2441"]
[BlackElo "2361"]

1.d4 Nf6 2.c4 g6 3.Nc3 Bg7 4.e4 d6 5.Be2 O-O 6.Nf3 e5 7.O-O Na6 8.Re1 c6
9.Bf1 Bg4 10.d5 c5 11.Be2 Ne8 12.a3 Bd7 13.Rb1 f5 14.Ng5 Nac7 15.exf5 gxf5
16.f4 e4 17.Be3 Rb8 18.Qd2 h6 19.Nh3 b5 20.b4 cxb4 21.axb4 bxc4 22.Bxc4 Nb5
23.Bxb5 Bxb5 24.Nf2 Qd7 25.Bd4 Nf6 26.g4 fxg4 27.Nfxe4 Nh5 28.Bxg7 Qxg7 29.Nxb5 Rxb5
30.Nxd6 Rb6 31.Ne8 Qd7 32.d6 Rxe8 33.Rxe8+ Qxe8 34.d7 Qd8 35.Qd5+ Kg7 36.Qxh5 Qxd7
37.Qe5+ Kg8 38.f5 Rb5 39.Qe6+ Qxe6 40.fxe6 Kf8 41.Ra1 Rb7 42.Ra6 h5 43.Kg2 Ke7
44.h3 gxh3+  1/2-1/2

[Event "Campomanes Mem WIM"]
[Site "Ankara TUR"]
[Date "2010.05.18"]
[Round "3"]
[White "Tsatsalashvili,K"]
[Black "Kaya,E"]
[Result "1-0"]
[WhiteElo "2257"]
[BlackElo "2006"]

1.d4 Nf6 2.c4 g6 3.Nc3 Bg7 4.e4 d6 5.Nf3 O-O 6.Be2 Na6 7.O-O e5 8.Bg5 h6
9.Bh4 Qe8 10.Bxf6 Bxf6 11.c5 Qd8 12.dxe5 dxe5 13.Qxd8 Bxd8 14.Bxa6 bxa6 15.Nxe5 Bf6
16.Nc6 Bxc3 17.bxc3 Re8 18.f3 Bd7 19.Nb4 Bb5 20.Rfd1 Re5 21.Nd5 Kf8 22.Rd4 Rc8
23.c4 Bc6 24.f4 Re6 25.e5 g5 26.Re1 Ba8 27.f5 Rc6 28.Nf6 Kg7 29.Nd7 Re8 30.Rf1 Bb7
31.e6 f6 32.Rb1 Bc8 33.Rb8 h5 34.a4 g4 35.a5 Rd8 36.Rd5 Re8 37.Kf2 Rg8 38.Kg3 Bxd7
39.Rxd7+ Kh8 40.Rdd8 Rxd8 41.Rxd8+  1-0

[Event "4th All China Games Rapid"]
[Site "Hefei CHN"]
[Date "2010.05.18"]
[Round "4"]
[White "Xu Jun"]
[Black "Zhang Xiaowen"]
[Result "0-1"]
[WhiteElo "2508"]
[BlackElo "2426"]

1.d4 Nf6 2.c4 g6 3.Nc3 Bg7 4.e4 d6 5.Be2 O-O 6.Nf3 e5 7.Be3 h6 8.O-O Ng4
9.Bc1 Nc6 10.d5 Ne7 11.Ne1 f5 12.Bxg4 fxg4 13.Be3 g5 14.c5 Ng6 15.cxd6 cxd6
16.a4 Rf7 17.Nb5 a6 18.Na3 Rb8 19.Nc4 b5 20.axb5 Rxb5 21.Nc2 Nf4 22.Qd2 Bf8
23.Nb4 Qf6 24.Nc6 Qg6 25.Bxf4 gxf4 26.Rfe1 h5 27.Rac1 Qf6 28.Na3 Rbb7 29.Nxe5 Qxe5
30.Rxc8 Rxb2 31.Qd3 Ra2 32.Nc4 Ra1 33.Rxa1 Qxa1+ 34.Qf1 Qf6 35.g3 h4 36.gxh4 g3
37.Nd2 Qxh4 38.Qg2 Rg7 39.hxg3 fxg3 40.f3 Qf6 41.Rc4 Qb2 42.Qe2 g2 43.Qd3 Qa1+
44.Qb1 Qa3 45.Qb3 Qa5 46.Qc3 Qd8 47.e5 dxe5 48.Rg4 Rxg4 49.fxg4 Qxd5 50.Nf3 e4
51.Ne1 Qc5+ 52.Qxc5 Bxc5+ 53.Kxg2 Kf7 54.Kg3 Bd6+ 55.Kf2 Kf6 56.Ke2 Bc5 57.Ng2 Kg5
58.Ne3 Kf4 59.Nd5+ Kxg4  0-1

[Event "4th All China Games Rapid"]
[Site "Hefei CHN"]
[Date "2010.05.18"]
[Round "5"]
[White "Liang Chong"]
[Black "Huang Qian"]
[Result "1/2-1/2"]
[WhiteElo "2505"]
[BlackElo "2437"]

1.d4 Nf6 2.c4 g6 3.Nc3 Bg7 4.e4 d6 5.Nf3 O-O 6.Be2 e5 7.d5 a5 8.Bg5 Na6 9.Nd2 Bd7
10.O-O Qe8 11.a3 a4 12.Nb5 Bxb5 13.cxb5 Nc5 14.f3 Nfd7 15.Qc2 Bf6 16.Be3 Qe7
17.g3 b6 18.Rae1 Rfe8 19.Bd1 Bg5 20.Qc3 Bxe3+ 21.Qxe3 Nf6 22.Nb1 Nfd7 23.Bc2 Kg7
24.Nc3 h5 25.f4 Nf6 26.f5 Nh7 27.Bd1 Qg5 28.Qf3 Rf8 29.h4 Qh6 30.f6+ Kh8
31.Rf2 Nd7 32.Nxa4 Nhxf6 33.Qc3 Rac8 34.Qe3 Qxe3 35.Rxe3 Kg7 36.Rc2 Nc5 37.Nc3 Nb3
38.Rf2 Nd4 39.a4 Ng4 40.Bxg4 hxg4 41.Ne2 Nf3+ 42.Kg2 f5 43.Ng1 f4 44.Rexf3 gxf3+
45.Nxf3 fxg3 46.Kxg3 Rf4 47.Ng5 Rxf2 48.Kxf2 Kf6  1/2-1/2

[Event "Chladek & Tintera Open"]
[Site "Hradec Kralove CZE"]
[Date "2010.05.18"]
[Round "4"]
[White "Kudr,R"]
[Black "Braun,Mare"]
[Result "1/2-1/2"]
[WhiteElo "2006"]
[BlackElo "2187"]

1.d4 Nf6 2.Nf3 g6 3.c4 Bg7 4.Nc3 O-O 5.e4 d6 6.Be2 e5 7.dxe5 dxe5 8.Qxd8 Rxd8
9.Bg5 Re8 10.Nd5 Nxd5 11.cxd5 c6 12.Bc4 b5 13.Bb3 Bb7 14.O-O-O Nd7 15.dxc6 Bxc6
16.Bd5 Rec8 17.Bxc6 Rxc6+ 18.Kb1 Nc5 19.Rhe1 f6 20.Bc1 Bf8 21.g4 g5 22.Ng1 Ne6
23.Be3 a6 24.Rc1 Rac8 25.Rxc6 Rxc6 26.Rc1 Rd6 27.Ne2 b4 28.Ng3 a5  1/2-1/2

[Event "Municipality Cup"]
[Site "Tbilisi GEO"]
[Date "2010.05.18"]
[Round "4"]
[White "Shalamberidze,A"]
[Black "Jojua,D"]
[Result "1/2-1/2"]
[WhiteElo "2359"]
[BlackElo "2537"]

1.Nf3 Nf6 2.c4 g6 3.Nc3 Bg7 4.d4 O-O 5.e4 d6 6.Be2 e5 7.O-O Nbd7 8.d5 Nc5
9.Nd2 a5 10.b3 Nfd7 11.a3 f5 12.Bb2 Nf6 13.exf5 Bxf5 14.Re1 Bh6 15.Nf1 Nfe4
16.Nxe4 Nxe4  1/2-1/2

[Event "TCh-UKR Clubs"]
[Site "Alushta UKR"]
[Date "2010.05.19"]
[Round "10"]
[White "Shmat,S"]
[Black "Shvyriaev,A"]
[Result "1/2-1/2"]
[WhiteElo "2097"]
[BlackElo "2163"]

1.d4 Nf6 2.c4 g6 3.Nc3 Bg7 4.e4 d6 5.Be2 O-O 6.Nf3 e5 7.O-O Nbd7 8.d5 Nc5
9.Qc2 a5 10.Ne1 Qe7 11.f3 Nh5 12.g3 f5 13.Nd3 fxe4 14.fxe4 Bh3 15.Rxf8+ Rxf8
16.Nf2 Bd7 17.Be3  1/2-1/2

[Event "TCh-UKR Clubs"]
[Site "Alushta UKR"]
[Date "2010.05.19"]
[Round "10"]
[White "Korobov,A"]
[Black "Luzhinsky,V"]
[Result "1-0"]
[WhiteElo "2649"]
[BlackElo "2372"]

1.d4 Nf6 2.c4 g6 3.Nc3 Bg7 4.e4 d6 5.Nf3 O-O 6.Be2 e5 7.d5 a5 8.Bg5 h6 9.Bh4 Na6
10.Nd2 Qe8 11.O-O Nh7 12.a3 Bd7 13.b3 f5 14.exf5 gxf5 15.Bh5 Qc8 16.Be7 e4
17.Bxf8 Qxf8 18.Rc1 Nf6 19.Be2 Re8 20.f4 e3 21.Nf3 Ng4 22.Qc2 Nc5 23.g3 Qf6
24.b4 axb4 25.axb4 Ne4 26.Nxe4 Rxe4 27.Ra1 Nf2 28.Ra8+ Kf7 29.Rxf2 exf2+
30.Kxf2 Qc3 31.Qxc3 Bxc3 32.Bd3 Re7 33.Nh4 Bxb4 34.Nxf5 Bxf5 35.Bxf5 Kg7
36.Be6 c6 37.g4 cxd5 38.cxd5 Rc7 39.h4 Rc2+ 40.Kf3 Rc3+ 41.Ke2 Rc4 42.Rg8+ Kh7
43.Rf8 Rc2+ 44.Kd3 Rc3+ 45.Ke4  1-0

[Event "4th All China Games Rapid"]
[Site "Hefei CHN"]
[Date "2010.05.19"]
[Round "8"]
[White "Xu Jun"]
[Black "Gu Xiaobing"]
[Result "1-0"]
[WhiteElo "2508"]
[BlackElo "2361"]

1.d4 Nf6 2.Nf3 g6 3.c4 Bg7 4.Nc3 d6 5.e4 O-O 6.Be2 e5 7.Be3 Na6 8.O-O c6
9.d5 Ng4 10.Bg5 f6 11.Bh4 c5 12.a3 Qe7 13.Ne1 Nh6 14.Nd3 Bd7 15.b4 g5 16.Bg3 f5
17.f3 g4 18.bxc5 dxc5 19.fxg4 Nxg4 20.Bxg4 fxg4 21.Qe2 h5 22.Bf2 Rf7 23.Be3 Raf8
24.Rxf7 Rxf7 25.Nb5 h4 26.Nxa7 b6 27.Nb5 Bf6 28.Qd2 Rg7 29.a4 Qf7 30.a5 bxa5
31.Rxa5 g3 32.h3 Nb4 33.Nxc5 Bxh3 34.gxh3 g2 35.Ne6 Bg5 36.Ra8+ Kh7 37.Nxg5+  1-0

[Event "Chladek & Tintera Open"]
[Site "Hradec Kralove CZE"]
[Date "2010.05.19"]
[Round "5"]
[White "Fiedler,Be"]
[Black "Jedlicka,A"]
[Result "1/2-1/2"]
[WhiteElo "2133"]
[BlackElo "2293"]

1.d4 Nf6 2.Nf3 g6 3.c4 Bg7 4.Nc3 O-O 5.e4 d6 6.Be2 e5 7.O-O exd4 8.Nxd4 Re8
9.f3 c6 10.Nc2 Be6 11.Kh1 Na6 12.Rb1 Nc7 13.Bg5 h6 14.Bh4 g5 15.Bg3 d5 16.exd5 cxd5
17.Nd4 dxc4 18.Nxe6 Nxe6 19.Bxc4 Nd4 20.Nb5 Nh5 21.Bf2 Nxb5 22.Bxb5 Re5 23.Bc4 b5
24.Bb3 Qe7 25.Re1 Nf4 26.Rxe5 Bxe5 27.Qc2 Qf6 28.Rd1 Rd8 29.Rxd8+ Qxd8 30.Qf5 Qc7
31.Qc2 Qd7 32.g3 Nd3 33.Bxa7 Qf5 34.Qe2 Nxb2 35.Kg2 Nd3 36.Bf2 Nc1 37.Qxb5 g4
38.Qd5 gxf3+ 39.Qxf3 Qd7 40.Qe4 Nd3 41.Bc2 Nxf2 42.Kxf2 Qd2+ 43.Kf3 Qxh2
44.Qxe5 Qxc2 45.Qe8+ Kg7 46.Qe5+ Kg8 47.Qe8+ Kg7 48.Qe5+ Kg8 49.Qe8+  1/2-1/2

[Event "TCh-UKR Clubs"]
[Site "Alushta UKR"]
[Date "2010.05.20"]
[Round "11"]
[White "Savchenko,S"]
[Black "Krupko,A"]
[Result "1-0"]
[WhiteElo "2553"]
[BlackElo "2165"]

1.d4 Nf6 2.c4 g6 3.Nc3 Bg7 4.e4 d6 5.Nf3 O-O 6.Be2 e5 7.O-O Na6 8.Re1 c6
9.Be3 Ng4 10.Bg5 Bf6 11.Bxf6 Qxf6 12.Qd2 Qe7 13.Rad1 Re8 14.a3 Nf6 15.b4 Bg4
16.h3 Bxf3 17.Bxf3 Rad8 18.Rb1 Nc7 19.d5 Rb8 20.Red1 Red8 21.Be2 Kg7 22.Qc2 Nd7
23.dxc6 bxc6 24.Qa4 Rb6 25.Qxa7 Ne6 26.c5 Nf4 27.cxb6 Qg5 28.Bf3  1-0

[Event "III Copa Roggio C"]
[Site "Asuncion PAR"]
[Date "2010.05.21"]
[Round "2"]
[White "Genta,A"]
[Black "Chang,S"]
[Result "1-0"]
[WhiteElo "2106"]
[BlackElo "2031"]

1.Nf3 Nf6 2.d4 g6 3.c4 Bg7 4.Nc3 O-O 5.e4 d6 6.Be2 Na6 7.O-O e5 8.d5 Nc5
9.Bg5 a5 10.Nd2 h6 11.Bh4 Bd7 12.b3 Qe8 13.a3 Nh7 14.b4 axb4 15.axb4 Rxa1
16.Qxa1 Na6 17.Qa5 Bc8 18.c5 g5 19.Bg3 dxc5 20.bxc5 Qe7 21.Bxa6 bxa6 22.Nc4 f5
23.exf5 Bxf5 24.Re1 e4 25.d6 Qe6 26.Ne3 cxd6 27.Bxd6 Re8 28.Ncd5 Bg6 29.Nc7 Qc8
30.Nxe8 Bxe8 31.Nd5  1-0

[Event "2nd SCS Open"]
[Site "Bhubaneswar IND"]
[Date "2010.05.22"]
[Round "2"]
[White "Bitan,B"]
[Black "Vorobiov,E"]
[Result "1/2-1/2"]
[WhiteElo "2311"]
[BlackElo "2612"]

1.d4 Nf6 2.c4 d6 3.Nc3 e5 4.Nf3 Nbd7 5.e4 g6 6.Be2 Bg7 7.O-O O-O 8.Re1 c6
9.h3 exd4 10.Nxd4 Re8 11.Bd3 Qb6 12.Nb3 a5 13.Be3 Qc7 14.Rc1 a4 15.Nd2 Qa5
16.Qc2 Nc5 17.Bf1 Nh5 18.g4 Nf6 19.a3 Nfd7 20.f4 Nf8 21.Bg2 Bd7 22.Kh1 Re7
23.f5 Be5 24.Bg5 f6 25.Bh4 Rae8 26.Nf3 Bxc3 27.bxc3 Nxe4 28.Nd4 gxf5 29.Bxe4 fxe4
30.Bxf6 Rf7 31.Rf1 Ng6 32.Rcd1 Ref8 33.g5 Bxh3 34.Qxe4 Bxf1 35.Rxf1 Qe5 36.Qg4 Rxf6
37.gxf6 Rxf6 38.Qc8+ Rf8 39.Rxf8+ Nxf8 40.Qxb7 Qe1+ 41.Kh2 Qd2+ 42.Kh1 Qxc3
43.Nxc6 Qc1+ 44.Kg2 Qc2+ 45.Kg1 Qg6+ 46.Kh2 Qh6+ 47.Kg2 Qg7+ 48.Qxg7+ Kxg7
49.Ne7 Kf6 50.Nc8 Ke5 51.Nb6 Kd4 52.Nxa4 Nd7 53.Nb2 Ne5 54.a4 Nxc4 55.Nd1 d5
56.Kf3 Kd3 57.Nf2+ Kc2 58.Kf4 Kc3 59.Nd1+ Kd2 60.Nf2 Ke2 61.Nh1 d4 62.Ng3+ Kd3
63.Nf5 Kc3 64.Nxd4 Kxd4 65.Kg5  1/2-1/2